Riconosci il Pokémon - Quiz n°349 - Statistics

Statistiche generali
  • Questo quiz è stato fatto 0 volte
  • Il punteggio medio è 0 su 10
Statistiche sulle risposte
Indizio Risposta % Corretto
Altezza 0,5 m
0%
Peso 2,0 kg
0%
Tasso di cattura 45 (11.9%)
0%
Sesso 50% ♂, 50% ♀
0%
Abilità Corpochiaro; Intrapasso; Corpofunesto
0%
Tipo Drago / Spettro
0%
Pokémon Dreepy
0%
Stadio evoluzione Forma Base
0%
Tasso di allevamento Lento
0%
Generazione Ottava
0%
Nessun quiz corrispondente trovato
Distribuzione punteggi
Percentuale di utenti per punteggio
Percentile per numero di risposta
I tuoi punteggi nel tempo
Non hai fatto questo quiz